Taylor Swift - guess the song with no hints - Statistics

General Stats
  • This quiz has been taken 3,144 times
    3,136 since last reset
  • The average score is 219 of 401
Answer Stats
Answer % Correct
i
99%
I
99%
a
98%
you
97%
you,
97%
the
95%
The
95%
we
89%
me
87%
And
86%
and
86%
it
85%
your
85%
Your
85%
he
83%
in
83%
to
83%
When
82%
on
81%
my
79%
No
77%
of
73%
go
72%
was
72%
I'm
70%
all
67%
they
67%
Like
66%
like
66%
This
65%
know
61%
(know
61%
time
61%
If
60%
if
60%
not
60%
But
59%
by
57%
Ever
56%
us
55%
just
53%
At
52%
at
52%
Now
52%
now
52%
(now)
52%
as
50%
from
50%
up
50%
'Cause
47%
about
45%
bad
45%
about
45%
down
45%
Long
44%
will
44%
Yeah,
44%
yeah
44%
get
43%
look
42%
story
42%
back
41%
right
41%
Right
41%
short,
39%
tell
36%
walk
35%
more
34%
more)
34%
wrong
34%
always
33%
ah
32%
fell
32%
guy
32%
these
31%
things
31%
hole
30%
home
30%
rabbit
30%
survived
30%
Til
30%
'Til
30%
he's
29%
keep
29%
(keep
29%
live
29%
lost
29%
Before
28%
high
27%
lips
27%
once
27%
there's
27%
war
27%
break
26%
shoe
26%
someone
26%
better
25%
door
25%
fits,
25%
meet
25%
wanna
25%
heels
24%
keeping
24%
nearest
24%
pedestal
24%
sky
24%
battle
23%
evermore
23%
felt
23%
Past
23%
pick
23%
score
23%
sleep
23%
tried
23%
warm
23%
warm)
23%
chance
22%
ready
22%
battles
21%
Clung
21%
feels
21%
petty
21%
picked
21%
precipice
21%
Pushed
21%
both
20%
Everywhere
20%
must
20%
passed
20%
ways
20%
words,
20%
comes
19%
defeat
19%
held
19%
Misery
19%
Missing
19%
peace
19%
sides
19%
surrounded
19%
swing
19%
themselves
19%
tug
19%
alley
18%
keys
18%
rear
18%
shore
18%
shouted
18%
view
18%
cuts
17%
Fatefully
17%
golden
17%
knife
17%
knocked
17%
waves
17%
Climbed
16%
comet
16%
gates,
16%
passing
16%
Rare
16%
sword
16%
Actually
15%
dropped
15%
glimmer
15%
threw
15%
bushes
14%
cliff
14%
nemeses
14%
No matching quizzes found
Score Distribution
Percent of People with Each Score
Percentile by Number Answered
Your Score History
You have not taken this quiz since the last reset